| 000 | 00411nam a22001337a 4500 | ||
|---|---|---|---|
| 008 | 230605b xxu||||| |||| 00| 0 eng d | ||
| 020 | _a9782110069634 | ||
| 082 |
_a327.94406 _bFRA |
||
| 110 | _d2008 | ||
| 245 |
_aFrance _bMinistry of Foreign and European Affairs _cMinistry of Foreign and European Affairs |
||
| 260 |
_aFrance _bEiffage CEWVM / Foster & Partners / Jamme _c2006 |
||
| 300 | _a155 p | ||
| 942 |
_2ddc _cBK |
||
| 999 |
_c423 _d423 |
||